| 000 | 00450nam a22001217a 4500 | ||
|---|---|---|---|
| 008 | 230612b xxu||||| |||| 00| 0 eng d | ||
| 082 |
_a354.62 _bGOK |
||
| 100 | _cGovernment of Kenya | ||
| 245 |
_aSupplementary Estimates II(Recurrent Expenditure) For the National Government _bEstimate of further sums required to be voted for the service of the year ending 30th June, 2013 |
||
| 260 |
_aKenya _bGOK _c2013 |
||
| 300 | _avarious paging | ||
| 942 |
_2ddc _cBK |
||
| 999 |
_c1078 _d1078 |
||